Explorers on the Moon / (Record no. 49855)
| 000 -LEADER | |
|---|---|
| fixed length control field | 00287nam a2200109 4500 |
| 020 ## - INTERNATIONAL STANDARD BOOK NUMBER | |
| International Standard Book Number | 9780316358460 |
| 245 ## - TITLE STATEMENT | |
| Title | Explorers on the Moon / |
| Statement of responsibility, etc | Herge. |
| 260 ## - PUBLICATION, DISTRIBUTION, ETC. (IMPRINT) | |
| Place of publication, distribution, etc | London: |
| Name of publisher, distributor, etc | Egmont; |
| Date of publication, distribution, etc | 2012. |
| 300 ## - PHYSICAL DESCRIPTION | |
| Extent | 62 p. |
| Other physical details | col. ill. |
| Dimensions | 29 cm. |
| 490 ## - SERIES STATEMENT | |
| Series statement | The adventures of Tintin; |
| 942 ## - ADDED ENTRY ELEMENTS (KOHA) | |
| Source of classification or shelving scheme | |
| Koha item type | Books/GRAPHICS |
| Withdrawn status | Lost status | Source of classification or shelving scheme | Damaged status | Not for loan | Collection code | Home library | Current library | Shelving location | Date acquired | Full call number | Barcode | Date last seen | Price effective from | Koha item type |
|---|---|---|---|---|---|---|---|---|---|---|---|---|---|---|
| SECONDARY | Asian Hope Secondary Library | Asian Hope Secondary Library | SECONDARY | 12/05/2025 | J GRAPHIX HER | 208598 | 12/05/2025 | 12/05/2025 | Books/GRAPHICS |